Normale Ansicht MARC-Ansicht ISBD

Das Führerhauptquartier 1939-1945 (Titelsatznr. 13964)

[ MARC ]
MARC-Details
000 -Satzkennung
Kontrollfeld mit fester Länge 00553nam a22002171c 4500
001 - Kontrollnummer
Kontrollfeld a987673147
008 - Feld mit fester Länge zur physischen Beschreibung - Allgemeine Angaben
Kontrollfeld mit fester Länge 140910s2002 gw a||| 000u ger d
020 ## - Internationale Standardbuchnummer
Internationale Standardbuchnummer 3895550698
Verknüpfung 3-89555-069-8
041 ## - Sprachcode
Sprachcode des Textes/der Tonspur oder des separaten Titels ger
040 ## - Katalogisierungsquelle
Übertragungsstelle RU-10907106
003 - Kontrollnummer Identifier
Kontrollfeld RU-10907106
100 1# - Haupteintragung - Personenname
Personenname Buck, Gerhard
245 04 - Titel
Titel Das Führerhauptquartier 1939-1945
264 ## - Produktion, Veröffentlichung, Distribution, Herstellung und Urheberrechtsvermerk
Herstellungs-, Veröffentlichungs- Vertriebs-, Erzeugungsort Eggolsheim :
Produzent, Herausgeber, Distributor, Hersteller Dörfler,
Datum der Herstellung, der Veröffentlichung, des Vertriebs oder des Urheberschutzvermerks [2002]
300 ## - Physische Beschreibung
Umfang 176 S.:überw. Ill., Kt.
490 #0 - Gesamttitelangabe
Gesamttitelangabe Zeitgeschichte
648 #0 - Nebeneintragung unter einem Schlagwort - Zeitschlagwort
Zeitschlagwort 1939-1945
650 #0 - Nebeneintragung unter einem Schlagwort - Sachschlagwort
Sachschlagwort oder geografischer Name als Eintragungselement Führerhauptquartier
655 #0 - Indexierungsterm - Genre/Form
Genre/Form oder fokussierter Term Bildband
942 ## - Zusätzliche Felder (Koha)
Koha-Medientyp Monographien
Exemplare
Ausgeschieden Verloren Klassifikation oder Aufstellungssystematik Beschädigt Nicht entleihbar Heimatbibliothek Aufenthaltsbibliothek Aufstellungsort Erwerbungsdatum Inventarnummer Signatur Barcode Letzte Aktivität Preis gültig von Koha-Medientyp
    Andere/Generische Klassifikation     MWN Osteuropa MWN Osteuropa Lesesaal - 1 10/09/2014 14-01870 D 52 rd Buck E00401507905C267 23/02/2021 22/03/2021 Monographien